| 000 | 01050 a2200193 4500 | ||
|---|---|---|---|
| 003 | Nust | ||
| 005 | 20170207153438.0 | ||
| 010 | _a 92041469 | ||
| 020 | _a0131756052 | ||
| 040 | _cNust | ||
| 082 | 0 | 0 | _a004.6 |
| 100 | 1 | _aBlack, Uyless D. | |
| 245 | 1 | 0 |
_aComputer networks : _bprotocols, standards, and interfaces / _cUyless Black. |
| 250 | _a2nd ed. | ||
| 260 |
_aEnglewood Cliffs, N.J. : _bPTR Prentice Hall, _cc1993. |
||
| 300 |
_axii, 436 p. : _bill. ; _c25 cm. |
||
| 505 | _aIntroduction to computer networks (Page-1) Communications Between and Among Computers and Terminals (Page-32) Layered Protocols , Networks, and the OSI Model (Page-64) Polling/Selection Networks (Page-78) Satellite Networks (Page-113) Local Area Networks (Page-131) Switching and Routing in Networks (Page-166) The X.25 Network (Page-193) Digital Networks (Page-252) Public Networks and Carrier Offerings (Page-290) Personal Computer Networks (Page-311) The PBX and Data Communications Networks (Page-332) Upper-Level Protocols (Page-350) | ||
| 650 | 0 | _aComputer networks. | |
| 942 |
_2ddc _cBK |
||
| 999 |
_c186410 _d186410 |
||